La obra maestra desconocida o el fracaso en el arte

Uloženo v:
Podrobná bibliografie
Hlavní autor: Balzac, Honoré de (Autor)
Médium: Kniha
Jazyk:španělština
Vydáno: Madrid Casimiro Libros 2011
Vydání:1a. ed
Témata:
Tagy: Přidat tag
Žádné tagy, Buďte první, kdo vytvoří štítek k tomuto záznamu!

MARC

LEADER 00000cam a2200000 a 4500
001 UCE1148
003 CL-VaPUC
008 140331e20110000sp |||||||||||||||||spa|d
020 |a 9788493864149 
082 0 4 |a 944  |b BAL  |2 21 
100 |a Balzac, Honoré de   |e author  |9 265437 
245 1 3 |a La obra maestra desconocida o el fracaso en el arte 
250 |a 1a. ed 
300 |a 68 p 
942 |c BK 
945 |d 20140331 09:48:00  |a dcastane 
260 |a Madrid  |b Casimiro Libros  |c 2011 
650 0 |a Ensayos franceses  |9 265511 
650 0 |a Crítica de arte  |9 334590 
650 0 |a Historia del arte  |9 314877 
650 0 |a Artistas franceses  |9 559308 
583 |a last modification  |c 20140331 09:48:00  |k Rodrigo Vera 
999 |c 355055  |d 355053 
952 |0 0  |1 0  |3 erb  |4 0  |6 944_000000000000000_BAL_2011  |7 0  |8 A  |9 461404  |a BIBART  |b BIBART  |i 5064872  |o 944 BAL 2011  |p 5064872  |r 2025-03-13  |w 2019-11-23  |y BK  |z Catalogado en:20140331  |k ART